| 000 | 00781nas a2200253 4500 | ||
|---|---|---|---|
| 001 | BR9903037 | ||
| 003 | BR-BrBNA | ||
| 005 | 20231205101444.0 | ||
| 007 | ta | ||
| 008 | 230509b bl.|||p| |||| 00| 00por d | ||
| 040 |
_aBR-BrBNA _bpor _cBiblioteca Nacional de Agricultura |
||
| 041 | _a(Es) | ||
| 072 | _aF03 | ||
| 100 | 1 | _aPiotto, B. | |
| 100 | 1 | _aCiccarese, L. | |
| 245 | 1 | _aLa investigacion sobre las semillas de arboles y arbustos llevada a cabo en el "Centro di Sperimentazione Agricola e Forestale" de Roma (Italia) | |
| 650 | _aSemente | ||
| 650 | _aArvore | ||
| 650 | _aArbusto | ||
| 650 | _aGerminacao | ||
| 773 | 0 |
_tInformativo ABRATES (Brazil) _x _g(Apr 1996), v. 6(1) p. 25-27 _wBR9903037 |
|
| 909 |
_a202311 _bLúcia _c55 _dLúcia Elande |
||
| 942 |
_2AGRIS _n0 _cANA |
||
| 999 |
_c161965 _d161965 |
||